000 00544nam a22001937a 4500
999 _c7516
_d7516
003 OSt
005 20211122160254.0
008 211122b ||||| |||| 00| 0 eng d
020 _a9780521864985
040 _cDDC
082 _a600SHI2007
100 _aShillingburg L,Peter
_915383
245 _aFrom Gutenberg to Google
_cShillingburg L,Peter
260 _aUnited Kingdom
_bPeter L.Shillingsburg
_c2006
300 _av,216p;
_bill;
_c20cm
504 _aIncludes Bibliography& Index
650 _2Information Technology
942 _2ddc
_cO_SHELF